La Préfabrication en URSS : Concepts techniques et dispositifs architecturaux /

Salvato in:
Dettagli Bibliografici
Autore principale: Solopova, Natalya (Autore)
Natura: Libro
Lingua:francese
Pubblicazione: Berlin : DOM publishers, 2020
Edizione:1. vydanie
Serie:Basics
Soggetti:
Tags: Aggiungi Tag
Nessun Tag, puoi essere il primo ad aggiungerne!!

MARC

LEADER 00000nam a22000003a 4500
001 0086439
003 SK-STU
005 20210115150929.7
007 ta
008 210115s ----xo-----e------000-0-----d
020 |a 978-3-86922-712-2 
040 |a STU  |b slo 
041 0 |a fre 
044 |a gw 
100 1 |a Solopova, Natalya  |4 aut 
245 1 0 |a La Préfabrication en URSS :  |b Concepts techniques et dispositifs architecturaux /  |c aut. Natalya Solopova 
250 |a 1. vydanie 
260 |a Berlin :  |b DOM publishers,  |c 2020 
300 |a 192 s.,  |b 250 obr. 
490 0 |a Basics 
650 0 7 |a architektúra sovietska 
650 0 7 |a prefabrikované moduly 
650 0 7 |a architektúra a urbanizmus 
650 0 7 |a dejiny architektúry 20.stor. 
996 |b 284AU08566  |c A* 11830/U  |l AAKNAR  |s A  |a 24  |w 0086439_0001